Score 0/12 Timer 01:30
3 Plays Today
Hint 4-Letter Word % Correct
Could follow 'A Day in the' or 'In My'LIFE
96.3%
'___ from New York, it's Saturday night!'LIVE
95.5%
The Rolling Stones or Pink Floyd, e.g.BAND
91.3%
What Billy Joel didn't startFIRE
91.2%
Pay required for a ticket to rideFARE
88.3%
'A ___ worse than death'FATE
87.2%
'He is the ___ of my existence'BANE
86.9%
Woodwind similar to a fluteFIFE
85.4%
To tie up with ropeBIND
83.3%
'The Word' according to The Beatles💗LOVE💗
81.9%
Restrain or hold backBATE
76.5%
'The Word' according to The Trashmen🐦 BIRD 🐦
42.6%

Today's Daily Dose

Missing Word
Lizzo Songs

Get the Picture
The Longest Rivers

Remove Ads.
Support Sporcle.
Get the best of Sporcle when you Go Orange. This ad-free experience offers more features, more stats, and more fun while also helping to support Sporcle. Thank you for becoming a member.

You're not logged in!

Compare scores with friends on all Sporcle quizzes.
OR
Log In

Show Comments

Extras

Top Quizzes Today


Score Distribution

Your Account Isn't Verified!

In order to create a playlist on Sporcle, you need to verify the email address you used during registration. Go to your Sporcle Settings to finish the process.

Report this User

Report this user for behavior that violates our Community Guidelines.

Details: